1997 1858 1519 1955 1194 1507 1485 1910 1633 1040 1690 1973 1162 1157 1875 1744 1415 1162 1397 1755 1921 1330 1175 1008 1093 1307 1417 1066 1844 1635 1387 1590 1980 1736 1870 1967 1753 1194 1537 1736 1252 1412 1322 1249 1703 1885 1262 1893 1227 1618 1118 1887 1882 1799 1284 1047 1578 1207 1938 1067 1341 1731 1427 1845 1251 1752 1046 1239 1720 1345 1573 1542 1853 1051 1205 1431 1070 1149 1785 1152 1456 1404 1543 1431 1682 1267 1169 1406 1557 1813 1575 1307 1405 1143 1451 1224 1200 1410 1272 BCNSPRNW ULIB Ver.6.0+V

เปลี่ยนเป็นภาษาไทย

Change to English
 แสดงรายละเอียดบรรณานุกรม
  กลับหน้าหลัก

Brief Record : Get Marc (ISO 2709) : E-mail record : QR code < ปิดหน้าต่าง
LEADER : 00000nas 2200000uu 4500
001    13399126563
003     ULIB
008    181102s2559||||th 000 0 tha d
022    ^a19052243
110    ^aสถาบันรัชต์ภาคย์
245    ^aวารสารรัชต์ภาคย์ : Rajapark Journal/^cสถาบันรัชต์ภาคย์
260    ^aกรุงเทพฯ :^bสถาบันรัชต์ภาคย์,^c2559
310    ^aราย 6 เดือน
850 ^a ULIB^bปีที่ 10 ฉบับที่ 19 ฉ.1
945    ^p0^l0^i905084
999    ^aประนอม เกษจรัล
รายการนี้ยังไม่มีแท็ก
คุณยังไม่ได้ล็อกอิน คุณสามารถมีกิจกรรมร่วมกับเว็บไซต์ได้ แต่ต้องล็อกอินก่อน ::
  ล็อกอิน

รายการสื่อสารสนเทศ (วารสาร)

ดูแบบ: กล่อง รายการ
ARRIVED
ปีที่ 10 ฉบับที่ 19 ฉ.1
สถานที่: ห้องสมุดวิทยาเขตสวรรค์ประชารักษ์ >วารสาร

BibComment


ยังไม่เคยถูกคอมเมนท์

คอมเมนท์ทรัพยากรรายการนี้
  คอมเมนท์: วารสารรัชต์ภาคย์..


 Copyright 2026. Bcnsprnw @Library